ARI - Statistiques

Statistiques générales
  • Ce quiz a été pris 9 fois
  • Le résultat moyen est 6 sur 8
Statistiques - réponses
Par images Réponse % Correct
Bouteille
100%
Masque
100%
Détendeur
75%
Harnais
75%
Liaison Personnelle
75%
manomètre
75%
Soupape a la demande
50%
Système sonore de détresse
25%
Aucun quiz correspondant
Distribution des résultats
% des personnes avec chaque résultat
Percentile par nombre de réponses
Votre historique - résultats
Vous n’avez pas pris ce quiz